[Event "St.Petersburg Rapid 2014"]
[Site "St Petersburg RUS"]
[Date "2014.08.30"]
[Round "1.1"]
[White "Pogosian, Vladimir"]
[Black "Morozevich, Alexander"]
[Result "0-1"]
[BlackTitle "GM"]
[WhiteElo "2151"]
[BlackElo "2731"]
[WhiteFideId "13301586"]
[BlackFideId "4116992"]
[EventDate "2014.08.30"]

1. e4 e6 2. d3 d5 3. Nd2 Nf6 4. Qe2 a5 5. g3 a4 6. Bg2 a3 7. bxa3 Bxa3 8. Bxa3
Rxa3 9. Nh3 Nc6 10. Nb3 dxe4 11. dxe4 e5 12. O-O O-O 13. Rfd1 Qe7 14. f3 Be6 15.
Nf2 Rfa8 16. Qb5 Bxb3 17. cxb3 Nd4 18. Rxd4 exd4 19. Qxb7 Qc5 20. Nd3 Qc3 21.
Rd1 Rxa2 22. Nf4 g5 23. Nd5 Qc2 0-1

[Event "St.Petersburg Rapid 2014"]
[Site "St Petersburg RUS"]
[Date "2014.08.30"]
[Round "1.2"]
[White "Kovalenko, Igor"]
[Black "Ivkina, Olga"]
[Result "1-0"]
[WhiteTitle "GM"]
[BlackTitle "WIM"]
[WhiteElo "2650"]
[BlackElo "2154"]
[WhiteFideId "14117908"]
[BlackFideId "4156820"]
[EventDate "2014.08.30"]

1. e4 e6 2. d4 d5 3. Bd3 Nf6 4. e5 Nfd7 5. c3 c5 6. Nf3 Nc6 7. O-O g6 8. h4 Bg7
9. a3 c4 10. Bc2 O-O 11. h5 b5 12. Bg5 Qc7 13. Nbd2 a5 14. hxg6 fxg6 15. Nh4 Nb6
16. f4 Qf7 17. Qg4 Ra7 18. Rf3 Bd7 19. Rh3 Ne7 20. Bxe7 Qxe7 21. Nxg6 hxg6 22.
Qxg6 Rxf4 23. Rh8+ 1-0

[Event "St.Petersburg Rapid 2014"]
[Site "St Petersburg RUS"]
[Date "2014.08.30"]
[Round "1.3"]
[White "Malyshev, Grigory"]
[Black "Khairullin, Ildar"]
[Result "0-1"]
[BlackTitle "GM"]
[WhiteElo "2098"]
[BlackElo "2638"]
[WhiteFideId "24199028"]
[BlackFideId "4151348"]
[EventDate "2014.08.30"]

1. d4 d6 2. Nf3 Nf6 3. c4 g6 4. Nc3 Bf5 5. e3 Bg7 6. Bd3 Bxd3 7. Qxd3 O-O 8. O-O
Nbd7 9. e4 c6 10. h3 a6 11. Be3 b5 12. Nd2 bxc4 13. Nxc4 d5 14. exd5 cxd5 15.
Ne5 e6 16. Nxd7 Qxd7 17. Rac1 Ne8 18. b3 Nd6 19. Rc2 Nf5 20. Na4 Qb5 21. Qd2
Rfc8 22. Rfc1 Rxc2 23. Rxc2 a5 24. Nc5 h5 25. a3 Rc8 26. Rc3 e5 0-1

[Event "St.Petersburg Rapid 2014"]
[Site "St Petersburg RUS"]
[Date "2014.08.30"]
[Round "1.4"]
[White "Vitiugov, Nikita"]
[Black "Baranov, Andrey"]
[Result "1-0"]
[WhiteTitle "GM"]
[WhiteElo "2742"]
[BlackElo "2121"]
[WhiteFideId "4152956"]
[BlackFideId "4130260"]
[EventDate "2014.08.30"]

1. d4 d5 2. c4 c6 3. Nf3 Nf6 4. Nc3 a6 5. e3 e6 6. b3 Bb4 7. Bd2 O-O 8. Bd3 dxc4
9. bxc4 c5 10. O-O Nc6 11. a3 Ba5 12. Ne4 Nxe4 13. Bxe4 cxd4 14. Bxc6 bxc6 15.
exd4 Bc7 16. Bb4 Re8 17. Re1 a5 18. Bc5 e5 19. dxe5 Be6 20. Qc2 Bg4 21. Rad1 Qc8
22. Ng5 Bf5 23. Qc3 h6 24. Nf3 Bg4 25. Bd6 c5 26. h3 Be6 27. Nd2 Bxd6 28. exd6
Qc6 29. Ne4 Ra7 30. Re3 Qa4 31. Rc1 Rc8 32. Rg3 f5 33. Qe5 Bxc4 34. d7 1-0

[Event "St.Petersburg Rapid 2014"]
[Site "St Petersburg RUS"]
[Date "2014.08.30"]
[Round "1.5"]
[White "Pimenov, Valeri"]
[Black "Dreev, Aleksey"]
[Result "0-1"]
[BlackTitle "GM"]
[WhiteElo "2100"]
[BlackElo "2662"]
[WhiteFideId "4150716"]
[BlackFideId "4100107"]
[EventDate "2014.08.30"]

1. e4 c6 2. d4 d5 3. Nd2 dxe4 4. Nxe4 Bf5 5. Ng3 Bg6 6. Nh3 Nf6 7. Nf4 e5 8.
dxe5 Qa5+ 9. c3 Qxe5+ 10. Qe2 Nbd7 11. Nxg6 hxg6 12. Bf4 Qxe2+ 13. Bxe2 Nd5 14.
Bd2 f5 15. O-O-O Bc5 16. f3 O-O-O 17. Bc4 Ne5 18. Bxd5 Rxd5 19. Bg5 Rxd1+ 20.
Kxd1 Nd3 21. Kc2 Nf2 22. Re1 Rxh2 23. Re8+ Kd7 24. Rd8+ Kc7 25. Rg8 Rxg2 26.
Rxg7+ Kc8 27. Rg8+ Kd7 28. Rg7+ Ke8 29. Bh4 Ne4+ 30. Kd3 Nxg3 31. Rxg6 f4 32. b4
Bf8 33. a4 Rf2 34. Kd4 0-1

[Event "St.Petersburg Rapid 2014"]
[Site "St Petersburg RUS"]
[Date "2014.08.30"]
[Round "1.6"]
[White "Moiseenko, Alexander"]
[Black "Vershinin, Andrey A"]
[Result "1-0"]
[WhiteTitle "GM"]
[WhiteElo "2707"]
[BlackElo "2130"]
[WhiteFideId "14102560"]
[BlackFideId "4102312"]
[EventDate "2014.08.30"]

1. d4 Nf6 2. c4 g6 3. Nc3 d5 4. cxd5 Nxd5 5. e4 Nxc3 6. bxc3 Bg7 7. Qa4+ Nd7 8.
Nf3 O-O 9. Be2 c5 10. O-O Nb6 11. Qa3 cxd4 12. cxd4 Be6 13. Bg5 f6 14. Be3 Kh8
15. Rac1 f5 16. Ng5 Bg8 17. exf5 Rxf5 18. Bg4 Rd5 19. Rfe1 Qd6 20. Qxd6 exd6 21.
Ne6 Bxe6 22. Bxe6 Ra5 23. Rc7 Re8 24. Rxb7 Nd5 25. Bd2 Ra4 26. Bxd5 1-0

[Event "St.Petersburg Rapid 2014"]
[Site "St Petersburg RUS"]
[Date "2014.08.30"]
[Round "1.7"]
[White "Tsoi, Dmitry"]
[Black "Rublevsky, Sergei"]
[Result "0-1"]
[BlackTitle "GM"]
[WhiteElo "2013"]
[BlackElo "2698"]
[WhiteFideId "24194697"]
[BlackFideId "4115309"]
[EventDate "2014.08.30"]

1. e4 c5 2. Nf3 e6 3. d4 cxd4 4. Nxd4 a6 5. Nc3 Qc7 6. Qf3 Nc6 7. Nxc6 dxc6 8.
Be2 Nf6 9. O-O Bd6 10. h3 O-O 11. Be3 b5 12. Rfd1 Bb7 13. Kh1 Be5 14. Rab1 c5
15. Bf1 Bxc3 16. bxc3 Nxe4 17. Bf4 e5 18. Bh2 Nd2 19. Qh5 Nxb1 20. Bxe5 Qe7 21.
Bd6 Qf6 22. Bxf8 Nxc3 23. Bxc5 Nxd1 24. Qxd1 Rd8 25. Qe2 Qe6 26. Qxe6 fxe6 27.
Bd3 Bd5 28. a3 Ba2 29. Be4 Bb1 30. Be3 a5 31. Bb6 Rd1+ 32. Kh2 b4 33. f3 bxa3
34. Bxa5 a2 35. Bc3 Rc1 0-1

[Event "St.Petersburg Rapid 2014"]
[Site "St Petersburg RUS"]
[Date "2014.08.30"]
[Round "1.8"]
[White "Matlakov, Maxim"]
[Black "Khadzhiev, Valery"]
[Result "1-0"]
[WhiteTitle "GM"]
[WhiteElo "2685"]
[BlackElo "2121"]
[WhiteFideId "4168003"]
[BlackFideId "34154601"]
[EventDate "2014.08.30"]

1. e4 e6 2. Qe2 c5 3. Nf3 d6 4. g3 Nc6 5. Bg2 Qc7 6. O-O Bd7 7. c3 O-O-O 8. d4
Nf6 9. Na3 d5 10. exd5 Nxd5 11. c4 Ndb4 12. Nb5 Qb6 13. dxc5 Bxc5 14. a3 Na6 15.
b4 Nd4 16. Nbxd4 Bxd4 17. Nxd4 Qxd4 18. Be3 Qe5 19. b5 Nb8 20. Qf3 Qc7 21. Bxa7
e5 22. Qxf7 b6 23. Bxb8 Qxb8 24. a4 Qd6 25. a5 bxa5 26. Rxa5 Qe6 27. Qf3 Kc7 28.
c5 Rb8 29. b6+ Kc8 30. Ra7 Re8 31. Rd1 Re7 1-0

[Event "St.Petersburg Rapid 2014"]
[Site "St Petersburg RUS"]
[Date "2014.08.30"]
[Round "1.9"]
[White "Solovyev, Anton"]
[Black "Shirov, Alexei"]
[Result "1/2-1/2"]
[BlackTitle "GM"]
[WhiteElo "2052"]
[BlackElo "2709"]
[WhiteFideId "24170330"]
[BlackFideId "2209390"]
[EventDate "2014.08.30"]

1. e4 c5 2. Nf3 Nc6 3. d4 cxd4 4. Nxd4 e5 5. Nb5 d6 6. c4 Be7 7. N1c3 a6 8. Na3
Be6 9. Be3 Bg5 10. Qd2 Bxe3 11. Qxe3 Nd4 12. Ne2 Nc6 13. Rd1 Nge7 14. f4 Bg4 15.
h3 exf4 16. Qxf4 Bxe2 17. Bxe2 Qb6 18. Rd2 O-O 19. Qf2 Qa5 20. Qe3 Rae8 21. O-O
Nf5 22. b4 Nxe3 1/2-1/2

[Event "St.Petersburg Rapid 2014"]
[Site "St Petersburg RUS"]
[Date "2014.08.30"]
[Round "1.10"]
[White "Zvjaginsev, Vadim"]
[Black "Rerikh, Roman"]
[Result "1-0"]
[WhiteTitle "GM"]
[WhiteElo "2659"]
[BlackElo "2076"]
[WhiteFideId "4113403"]
[BlackFideId "34105791"]
[EventDate "2014.08.30"]

1. Nf3 d6 2. d4 g6 3. e4 Bg7 4. Be2 Nf6 5. Nc3 c6 6. O-O Bg4 7. h3 Bxf3 8. Bxf3
Nbd7 9. Ne2 O-O 10. c3 Qc7 11. Qc2 Rad8 12. Bg5 h6 13. Be3 e5 14. Rad1 c5 15.
dxc5 dxc5 16. Rd2 Rfe8 17. Rfd1 Bf8 18. Nc1 Nb6 19. b3 Kh7 20. a4 Be7 21. Be2
Rxd2 22. Rxd2 Rd8 23. Rxd8 Qxd8 24. Nd3 Nbd7 25. Nb2 Qc7 26. Bc1 a6 27. Nc4 Ng8
28. Qd3 Kg7 29. g3 Ngf6 30. a5 Qc6 31. Bf3 Qb5 32. Qc2 Bd8 33. Be2 Qc6 34. Bd3
Qe6 35. Kg2 Nh7 36. Qe2 h5 37. h4 Nhf6 38. Qd1 Bc7 39. f3 Ne8 40. Bf1 Nd6 41.
Kh2 Nf6 42. Nxd6 Qxd6 43. Qxd6 Bxd6 44. Bh3 Bc7 45. Bc8 Bxa5 46. Bd2 b5 47. b4
cxb4 48. cxb4 Bd8 49. Bxa6 Ne8 50. Bxb5 Nd6 51. Bd3 Bb6 52. Bc3 f6 53. Kg2 Kf7
54. f4 Ke6 55. Kf3 Ba7 56. Bf1 Bb6 57. Bh3+ Ke7 58. fxe5 fxe5 59. Bxe5 Nc4 60.
Bf4 Bd4 61. Ke2 Ne5 62. Be3 Bc3 63. Bc5+ Kf6 64. b5 Nf7 65. b6 Nd8 66. Be3 Ba5
67. Bg5+ 1-0

[Event "St.Petersburg Rapid 2014"]
[Site "St Petersburg RUS"]
[Date "2014.08.30"]
[Round "1.11"]
[White "Ponikarovsky, Alexey"]
[Black "Lysyj, Igor"]
[Result "0-1"]
[WhiteTitle "FM"]
[BlackTitle "GM"]
[WhiteElo "2119"]
[BlackElo "2683"]
[WhiteFideId "4122887"]
[BlackFideId "4150120"]
[EventDate "2014.08.30"]

1. e4 e6 2. d4 d5 3. Nd2 c5 4. exd5 Qxd5 5. dxc5 Nf6 6. c4 Qxc5 7. Nb3 Qc7 8.
Be3 Bb4+ 9. Bd2 Bxd2+ 10. Qxd2 O-O 11. Rd1 Nc6 12. Qd6 Qb6 13. c5 Qb4+ 14. Qd2
a5 15. Nf3 Rd8 16. Qxb4 Rxd1+ 17. Kxd1 axb4 18. Nc1 Ne4 19. Ke1 Nxc5 20. Bc4 b6
21. Ke2 Bb7 22. Rd1 Na5 23. Bb5 Bd5 24. Rd4 b3 25. a3 Nab7 26. Bc4 Bxf3+ 27.
Kxf3 Rxa3 28. Nd3 Ra8 29. Nxc5 Nxc5 30. Rd6 Rb8 31. Rc6 g6 32. Ke3 h5 33. Kd4
Rd8+ 34. Ke3 Rb8 35. Kd4 Kg7 36. f3 Kf6 37. Kc3 Rd8 38. Be2 h4 39. g3 hxg3 40.
hxg3 g5 0-1

[Event "St.Petersburg Rapid 2014"]
[Site "St Petersburg RUS"]
[Date "2014.08.30"]
[Round "1.12"]
[White "Timofeev, Artyom"]
[Black "Lagashin, Pavel"]
[Result "1-0"]
[WhiteTitle "GM"]
[WhiteElo "2601"]
[BlackElo "2115"]
[WhiteFideId "4140419"]
[BlackFideId "24132144"]
[EventDate "2014.08.30"]

1. c4 e5 2. Nc3 Nf6 3. Nf3 Nc6 4. d3 Bb4 5. Bd2 O-O 6. g3 d6 7. Bg2 h6 8. O-O
Bg4 9. h3 Be6 10. Kh2 Ne7 11. a3 Bc5 12. b4 Bb6 13. Qc2 c6 14. c5 Bc7 15. cxd6
Bxd6 16. Na4 b6 17. Bc3 Ng6 18. Bb2 Rc8 19. e4 Nd7 20. d4 b5 21. Nc5 Nxc5 22.
bxc5 Bb8 23. Nxe5 Nxe5 24. dxe5 Bc4 25. Rfd1 Qe7 26. Rd6 Bxd6 27. cxd6 Qe6 28.
f4 Bb3 29. Qd2 Rfd8 30. Qe3 Bc2 31. Qf2 Qb3 32. Bd4 c5 33. Bxc5 Qc3 34. Bd4 Qd3
35. Bxa7 Bb3 36. Qe3 Qc2 37. Bd4 Rc4 38. Rf1 Qa2 39. Rf2 Qxa3 40. Bb6 Rd7 41. h4
Ra4 42. Bh3 Be6 43. Qxa3 Rxa3 44. f5 Bc4 45. Bc5 Rd3 46. e6 fxe6 47. fxe6 R7xd6
48. e7 Bf7 49. Bxd6 Rxd6 50. e5 1-0

[Event "St.Petersburg Rapid 2014"]
[Site "St Petersburg RUS"]
[Date "2014.08.30"]
[Round "2.1"]
[White "Morozevich, Alexander"]
[Black "Duzhakov, Ilya"]
[Result "1-0"]
[WhiteTitle "GM"]
[BlackTitle "FM"]
[WhiteElo "2731"]
[BlackElo "2326"]
[WhiteFideId "4116992"]
[BlackFideId "4192516"]
[EventDate "2014.08.30"]

1. e4 e6 2. d4 d5 3. Nc3 Bb4 4. a3 Bxc3+ 5. bxc3 dxe4 6. Qg4 Nf6 7. Qxg7 Rg8 8.
Qh6 Nbd7 9. Ne2 c5 10. Ng3 cxd4 11. cxd4 b6 12. Be2 Qe7 13. O-O Bb7 14. c4 Rg6
15. Qh4 h6 16. a4 Ng4 17. Qxe7+ Kxe7 18. a5 f5 19. d5 Nc5 20. Rb1 exd5 21. axb6
Bc8 22. bxa7 Rxa7 23. cxd5 Ra2 24. Bf4 Nf6 25. d6+ Kd8 26. Rfc1 Ne6 27. Rb8 Nxf4
28. Bb5 Ra1 29. Rxc8# 1-0

[Event "St.Petersburg Rapid 2014"]
[Site "St Petersburg RUS"]
[Date "2014.08.30"]
[Round "2.2"]
[White "Turikov, Viktor"]
[Black "Kovalenko, Igor"]
[Result "0-1"]
[WhiteTitle "FM"]
[BlackTitle "GM"]
[WhiteElo "2256"]
[BlackElo "2650"]
[WhiteFideId "4107810"]
[BlackFideId "14117908"]
[EventDate "2014.08.30"]

1. e3 c5 2. b3 Nc6 3. Bb2 a6 4. c4 d6 5. Nc3 Nf6 6. Nf3 e6 7. d4 cxd4 8. Nxd4
Be7 9. Be2 O-O 10. O-O Bd7 11. Nxc6 Bxc6 12. Bf3 Qa5 13. Bxc6 bxc6 14. Qd3 d5
15. Rfd1 Rfd8 16. h3 Nd7 17. Na4 Bf6 18. Bxf6 Nxf6 19. Qc3 Qxc3 20. Nxc3 Kf8 21.
Kf1 Ke7 22. cxd5 cxd5 23. Rac1 Rac8 24. Ke2 Rc7 25. Na4 Rdc8 26. Rxc7+ Rxc7 27.
f3 h5 28. h4 Nd7 29. Kd2 Ne5 30. Nc3 Ng6 31. Rh1 Kd6 32. Ne2 Ne7 33. Nf4 g6 34.
g4 e5 35. Ne2 hxg4 36. fxg4 Rc8 37. h5 Rh8 38. Ng3 gxh5 39. Rxh5 Rg8 40. Rh6+
Kc5 41. Rxa6 Rxg4 42. Ne2 Nc6 43. a3 Rg2 44. Ra8 d4 45. b4+ Kb5 46. Rf8 Rf2 47.
e4 Rf3 48. Nc1 Rxa3 49. Rxf7 Kxb4 50. Rf6 Kb5 51. Rd6 Re3 52. Rd5+ Kc4 53. Rd6
Nb4 54. Rd8 Rxe4 55. Rc8+ Kd5 56. Rd8+ Ke6 57. Rb8 Nc6 58. Rb6 Kd5 59. Nd3 Rh4
60. Rb5+ Kd6 61. Rb6 Rh2+ 62. Kd1 Kd5 0-1

[Event "St.Petersburg Rapid 2014"]
[Site "St Petersburg RUS"]
[Date "2014.08.30"]
[Round "2.3"]
[White "Khairullin, Ildar"]
[Black "Oganian, Miran"]
[Result "1-0"]
[WhiteTitle "GM"]
[BlackTitle "FM"]
[WhiteElo "2638"]
[BlackElo "2360"]
[WhiteFideId "4151348"]
[BlackFideId "4122488"]
[EventDate "2014.08.30"]

1. c4 Nf6 2. Nc3 e6 3. Nf3 d5 4. d4 dxc4 5. Bg5 c5 6. e4 cxd4 7. Qxd4 Qxd4 8.
Nxd4 a6 9. Bxc4 b5 10. Be2 Bb7 11. f3 Nbd7 12. Be3 Rc8 13. Kf2 Ne5 14. Nb3 Bb4
15. a4 Bxc3 16. bxc3 Neg4+ 17. fxg4 Nxe4+ 18. Kf1 Rxc3 19. Na5 Rxe3 20. Nxb7
bxa4 21. Rxa4 Rb3 22. Rxe4 Rb1+ 23. Bd1 Rxd1+ 24. Re1 Rd4 25. h3 h5 26. g5 Rd5
27. h4 Kd7 28. Kf2 Rc8 29. Rc1 Rd2+ 30. Kg3 Rd3+ 31. Kh2 Rd4 32. Nc5+ Ke7 33.
Kh3 Rc6 34. g3 a5 35. Nb3 Rxc1 36. Rxc1 Rd5 37. Rc7+ Kf8 38. Ra7 Kg8 39. Nxa5
Rf5 40. Nc6 Kh7 41. Nd4 Rd5 42. Ne2 Rf5 43. Nf4 g6 44. Nxe6 1-0

[Event "St.Petersburg Rapid 2014"]
[Site "St Petersburg RUS"]
[Date "2014.08.30"]
[Round "2.4"]
[White "Vlassow, Valentin"]
[Black "Vitiugov, Nikita"]
[Result "0-1"]
[WhiteTitle "FM"]
[BlackTitle "GM"]
[WhiteElo "2310"]
[BlackElo "2742"]
[WhiteFideId "4164008"]
[BlackFideId "4152956"]
[EventDate "2014.08.30"]

1. d4 Nf6 2. Bg5 d5 3. Bxf6 exf6 4. e3 Bd6 5. c4 dxc4 6. Bxc4 O-O 7. Nf3 Nd7 8.
O-O f5 9. Nc3 Nf6 10. Rc1 c6 11. Qc2 Qe7 12. Rfd1 g6 13. d5 c5 14. Bd3 Bd7 15.
a4 Rac8 16. Bb5 Rfe8 17. Bxd7 Nxd7 18. Qb3 b6 19. Nb5 a6 20. Na7 Ra8 21. Nc6 Qf6
22. g3 h5 23. h4 Re4 24. Ng5 Rg4 25. Kf1 Re8 26. Rc4 Rxc4 27. Qxc4 Qxb2 28. Qxa6
Qc2 29. Re1 Nf6 30. Qxb6 Ng4 31. Nh3 Bxg3 32. Qb1 Qc4+ 33. Kg2 Bxf2 34. Nxf2
Qxd5+ 35. e4 Qxc6 36. Nxg4 hxg4 37. Qb5 Qa8 38. a5 fxe4 39. a6 e3+ 40. Qb7 Qxb7+
41. axb7 Rb8 42. Rb1 c4 43. Kf1 c3 44. Ke2 c2 45. Rc1 Rxb7 46. Rxc2 Re7 0-1

[Event "St.Petersburg Rapid 2014"]
[Site "St Petersburg RUS"]
[Date "2014.08.30"]
[Round "2.5"]
[White "Dreev, Aleksey"]
[Black "Solovyov, Viktor"]
[Result "1-0"]
[WhiteTitle "GM"]
[WhiteElo "2662"]
[BlackElo "2291"]
[WhiteFideId "4100107"]
[BlackFideId "4102754"]
[EventDate "2014.08.30"]

1. d4 d5 2. c4 c6 3. Nf3 Nf6 4. e3 g6 5. Nc3 Bg7 6. Be2 O-O 7. O-O a6 8. a4 a5
9. cxd5 cxd5 10. Bd2 Nc6 11. Qb3 Qd6 12. Rfc1 Bd7 13. Qa3 Qb8 14. Bb5 Re8 15.
Qb3 e6 16. h3 Rc8 17. Ne1 Ne8 18. Nd3 Nd6 19. Nc5 Be8 20. Bf1 b6 21. Nd3 Ra7 22.
Nb5 Nxb5 23. axb5 Ne7 24. Rc3 Rac7 25. Rac1 Rxc3 26. bxc3 Nf5 27. Nb2 Nd6 28. c4
dxc4 29. Nxc4 Bxb5 30. Nxd6 Rxc1 31. Nxb5 Rc8 32. Bc4 Rd8 33. Na3 Qd6 34. Nb5
Qd7 35. Nc3 Qc7 36. Nb5 Qd7 37. Be1 Rc8 38. Bd2 Rd8 39. Kf1 Rc8 40. Bd3 Rd8 41.
f4 Qe7 42. Nc3 Qc7 43. Na4 Rb8 44. Qb5 Bf8 45. Kf2 Be7 46. Be4 Bh4+ 47. g3 Be7
48. Ke2 Qd6 49. Bd3 Qc7 50. Bc4 Qb7 51. d5 exd5 52. Bxd5 Qc7 53. Bc3 Bd6 54. Kf3
Qc8 55. g4 Qd8 56. Bd4 Qh4 57. Qd7 Be7 58. g5 Kf8 59. Bf6 Re8 60. Bc6 Bxf6 61.
Qxe8+ Kg7 62. gxf6+ Kh6 63. Qf8+ Kh5 64. Bd7 Qxf6 65. Bg4+ 1-0

[Event "St.Petersburg Rapid 2014"]
[Site "St Petersburg RUS"]
[Date "2014.08.30"]
[Round "2.6"]
[White "Ovod, Evgenija"]
[Black "Moiseenko, Alexander"]
[Result "0-1"]
[WhiteTitle "IM"]
[BlackTitle "GM"]
[WhiteElo "2325"]
[BlackElo "2707"]
[WhiteFideId "4131827"]
[BlackFideId "14102560"]
[EventDate "2014.08.30"]

1. d4 Nf6 2. c4 e6 3. Nc3 Bb4 4. e3 b6 5. f3 O-O 6. Bd3 c5 7. d5 b5 8. Ne2 bxc4
9. Bxc4 exd5 10. Bxd5 Nxd5 11. Qxd5 Nc6 12. a3 Bxc3+ 13. Nxc3 Ba6 14. Qxc5 Na5
15. Qd6 Qh4+ 16. g3 Qc4 17. Bd2 Rab8 18. b4 Nb3 19. Ra2 Rfc8 20. Rc2 Rb6 21.
Qxd7 Bb5 22. Qg4 Nxd2 23. Kxd2 Qd3+ 24. Kc1 Rbc6 25. Rd1 Qxe3+ 26. Kb2 Ba4 27.
b5 Bxb5 28. Qd4 Qe8 29. Rcc1 Bc4 30. Ka1 Qe7 31. Nb1 h6 32. Rc3 Be6 33. Rxc6
Rxc6 34. Qd8+ Qxd8 35. Rxd8+ Kh7 36. Rd2 Kg6 37. Re2 h5 38. f4 Bf5 39. Nd2 Rc2
40. a4 f6 41. a5 Bd3 42. Rf2 Kf5 43. h3 Ke6 44. g4 h4 45. Rh2 Kd5 46. f5 Kc6 47.
Nf3 Rxh2 48. Nxh2 Be2 49. Kb2 Kb5 50. Kc3 Kxa5 51. Kd2 Bc4 52. Nf3 Kb4 53. Nxh4
Bf1 54. Nf3 Bxh3 55. Nd4 Bxg4 56. Ne6 g5 57. Ng7 a5 58. Ne8 Bxf5 59. Nxf6 a4 60.
Nd5+ Kb3 61. Ne3 Be4 0-1

[Event "St.Petersburg Rapid 2014"]
[Site "St Petersburg RUS"]
[Date "2014.08.30"]
[Round "2.7"]
[White "Rublevsky, Sergei"]
[Black "Leontiev, Aleksandr V."]
[Result "1-0"]
[WhiteTitle "GM"]
[BlackTitle "IM"]
[WhiteElo "2698"]
[BlackElo "2281"]
[WhiteFideId "4115309"]
[BlackFideId "4122968"]
[EventDate "2014.08.30"]

1. e4 e5 2. Nf3 Nc6 3. d4 exd4 4. Nxd4 Bc5 5. Nxc6 Qf6 6. Qf3 bxc6 7. Nd2 d6 8.
Nb3 Bb6 9. a4 a5 10. Bd2 Qg6 11. Bd3 Ne7 12. O-O O-O 13. Be3 f5 14. Bxb6 cxb6
15. Rfe1 f4 16. e5 Qg5 17. exd6 Nd5 18. Nd4 Bg4 19. Qe4 Nf6 20. Qe5 Qh6 21. f3
Rae8 22. Nf5 Bxf5 23. Qxf5 Ne4 24. Bc4+ Kh8 25. Rxe4 1-0

[Event "St.Petersburg Rapid 2014"]
[Site "St Petersburg RUS"]
[Date "2014.08.30"]
[Round "2.8"]
[White "Pashinsky, Mikhail"]
[Black "Matlakov, Maxim"]
[Result "0-1"]
[BlackTitle "GM"]
[WhiteElo "2254"]
[BlackElo "2685"]
[WhiteFideId "4152450"]
[BlackFideId "4168003"]
[EventDate "2014.08.30"]

1. e4 c6 2. d4 d5 3. Nc3 dxe4 4. Nxe4 Bf5 5. Ng3 Bg6 6. N1e2 e6 7. Nf4 Bd6 8. h4
Nf6 9. h5 Bf5 10. Nxf5 exf5 11. Be2 O-O 12. O-O Nbd7 13. Qd3 Ne4 14. Bf3 Ndf6
15. g3 Re8 16. Re1 Qd7 17. Be3 Ng5 18. Bg2 h6 19. Rad1 Nge4 20. Bc1 Bxf4 21.
Bxf4 Nxh5 22. Bc1 Nhf6 23. Bh3 h5 24. Bf4 g5 25. Be5 Ng4 26. Rxe4 fxe4 27. Qxe4
Rxe5 0-1

[Event "St.Petersburg Rapid 2014"]
[Site "St Petersburg RUS"]
[Date "2014.08.30"]
[Round "2.9"]
[White "Shirov, Alexei"]
[Black "Maevsky, Nikolay"]
[Result "1-0"]
[WhiteTitle "GM"]
[BlackTitle "FM"]
[WhiteElo "2709"]
[BlackElo "2337"]
[WhiteFideId "2209390"]
[BlackFideId "4198220"]
[EventDate "2014.08.30"]

1. e4 c6 2. d4 d5 3. e5 Bf5 4. Nf3 e6 5. Be2 Nd7 6. O-O Bg6 7. Nbd2 Rc8 8. c4
Nh6 9. cxd5 cxd5 10. Qa4 a6 11. Nb3 Be7 12. Bxh6 gxh6 13. Rac1 O-O 14. Rxc8 Qxc8
15. Rc1 Qd8 16. Nbd2 Nb8 17. Qb3 Qd7 18. Qe3 Kg7 19. h4 Rc8 20. Rf1 h5 21. Nh2
Bxh4 22. g4 Qe7 23. Ndf3 h6 24. gxh5 Bxh5 25. Kh1 Bg6 26. Rg1 Bg5 27. Nxg5 hxg5
28. Rxg5 Rh8 29. Bd3 Rh6 30. Kg2 Rh5 31. Rg4 Nd7 32. Bxg6 fxg6 33. Nf3 Qf7 34.
Ng5 Qf5 35. Qg3 Nf8 36. Nh3 Rh6 37. Rh4 Rxh4 38. Qxh4 Nh7 39. Kg3 Qd3+ 40. f3
Qf5 41. Qe7+ Qf7 42. Qxf7+ Kxf7 43. Kf4 Nf8 44. Kg5 Kg7 45. Nf4 Nh7+ 46. Kg4 Nf8
47. b4 Kh6 48. a4 b6 49. a5 bxa5 50. bxa5 Kg7 51. Nd3 Nd7 52. Nb4 Nb8 53. Kg5
Kf7 54. Kh6 1-0

[Event "St.Petersburg Rapid 2014"]
[Site "St Petersburg RUS"]
[Date "2014.08.30"]
[Round "2.10"]
[White "Gorlanov, Vladislav"]
[Black "Zvjaginsev, Vadim"]
[Result "0-1"]
[BlackTitle "GM"]
[WhiteElo "2251"]
[BlackElo "2659"]
[WhiteFideId "24121223"]
[BlackFideId "4113403"]
[EventDate "2014.08.30"]

1. c4 e5 2. g3 f5 3. Bg2 Nf6 4. Nc3 Be7 5. Nf3 d6 6. d4 e4 7. Nd2 c6 8. d5 O-O
9. f3 Qb6 10. Nb3 Na6 11. Qd4 Nb4 12. Qxb6 axb6 13. O-O Nc2 14. Rb1 b5 15. cxb5
cxd5 16. Rd1 Bd8 17. Nxd5 Nxd5 18. Rxd5 Rxa2 19. Rxd6 Bc7 20. Rd2 Bb6+ 21. Kh1
Ne3 22. Rd6 Nc4 23. Rd1 e3 24. f4 Be6 25. Bxb7 Ra4 26. Bd5 Bxd5+ 27. Rxd5 Rfa8
28. Kg2 g6 29. Kf3 Rb4 30. Na1 Na3 0-1

[Event "St.Petersburg Rapid 2014"]
[Site "St Petersburg RUS"]
[Date "2014.08.30"]
[Round "2.11"]
[White "Lysyj, Igor"]
[Black "Biriukov, Oleg V."]
[Result "1/2-1/2"]
[WhiteTitle "GM"]
[BlackTitle "IM"]
[WhiteElo "2683"]
[BlackElo "2327"]
[WhiteFideId "4150120"]
[BlackFideId "4123174"]
[EventDate "2014.08.30"]

1. Nf3 Nf6 2. c4 b6 3. g3 Bb7 4. Bg2 e6 5. O-O Be7 6. b3 O-O 7. Bb2 c5 8. e3 d5
9. Nc3 Nbd7 10. Qe2 Ne4 11. cxd5 Nxc3 12. dxc3 exd5 13. Rfd1 Qc7 14. Ne1 Nf6 15.
c4 dxc4 16. bxc4 Bxg2 17. Nxg2 Qc6 18. Nf4 Rad8 19. Bxf6 Rxd1+ 20. Rxd1 Bxf6 21.
Nd5 Re8 22. Qc2 g6 23. a4 Bg7 24. h4 h5 25. Qb3 Kh7 26. Qb5 Qxb5 27. axb5 Rd8
28. Rd2 Rd6 29. Kg2 f5 30. Ra2 Rd7 31. f4 Kg8 32. Kf3 Kf7 33. e4 Bd4 34. Re2 Rb7
35. Re1 Rd7 36. Rc1 Rb7 37. Rc2 Rd7 38. Ra2 Rb7 39. Re2 Rd7 40. e5 Ke6 41. Rd2
Rb7 42. Ke2 Rd7 43. Kd1 Rb7 44. Kc2 Rd7 45. Kb3 Rb7 46. Nb4 Bxe5 47. fxe5 cxb4
48. Rd6+ Kxe5 49. Rxg6 Rd7 50. Kxb4 Rd3 51. Rg7 Rf3 52. c5 bxc5+ 53. Kxc5 Ra3
54. Rg6 Ra1 55. Rg5 Rc1+ 56. Kb4 Rb1+ 57. Kc4 Rc1+ 58. Kd3 Rb1 59. Rxh5 Rb3+ 60.
Kc4 Rxg3 61. Rh7 Ra3 62. h5 Kf6 63. h6 Kg6 64. Rh8 f4 65. Kb4 Ra1 66. Rf8 Rf1
67. h7 Kxh7 68. Rf7+ Kg6 69. Rxa7 f3 70. Ra2 Rb1+ 71. Kc5 Kf5 72. b6 Kf4 73. Kc6
Kg3 74. b7 1/2-1/2